000 00511cam a22002054a 4500
005 20250605164322.0
008 250528s ||||||||||||||||||||||||d
035 _a22942
020 _a9780412375705
040 _aGR-AtMCL
_bgre
_dGR-AtMCL
_eAACR2
245 1 _aQUANTITATIVE TECHNIQUES IN A BUSINESS CONTEXT
250 _a1
260 _bChapman & Hall,
_c1990
300 _a391
700 1 _aAscroft Peter
_98561
700 1 _aSlater Roger
_92537
942 _cBK
999 _c7985
_d7985